Manual de clasificación y triage del paciente pediátrico en urgencias. (Registro nro. 1681)

Detalles MARC
000 -CABECERA
Campo de control interno 00882nam a22002777a 4500
005 - FECHA Y HORA DE LA CATALOGACION
Campo de control 20251201170229.0
008 - ELEMENTOS DE LONGITUD FIJA - INFORMACION
Elementos de Longitud Fija - Informaci 251201t2020 sp ||||| |||| 00| 0 spa d
020 ## - ISBN
ISBN 978-84-15950-80-6
040 ## - ORIGEN DE LA CATALOGACION
Origen de la Catalogación Iste
041 ## - CODIGO DE LENGUAJE
Código de lenguaje del texto spa
044 ## - CODIGO ISO DE PAIS
Código ISO de País sp
082 ## - NUMERO DE CLASIFICACION CDU
Clasificacion 614.2:616-053.2
Cutter M6999
100 ## - AUTOR PERSONAL
Autor Personal Mínguez Navarro, M.C.
Titulos u otras palabras asociadas al nombre Autor
Rol del Autor Autor
9 (RLIN) 8389
245 ## - TÍTULO GENERAL
Título Manual de clasificación y triage del paciente pediátrico en urgencias.
250 ## - EDICION
Edición 1a. ed.
260 ## - EDITORIAL
Ciudad - País Madrid - España
Nombre de la Editorial Ergon
Fecha 2020
300 ## - DESCRIPCION
Número de páginas 408 páginas,
Información descriptiva gráficos, ilustraciones, tablas.
650 ## - DESCRIPTORES - TEMAS
Temas - Descriptores TRIAGE HOSPITALARIO
9 (RLIN) 8390
650 ## - DESCRIPTORES - TEMAS
Temas - Descriptores MOTIVOS DE CONSULTA
9 (RLIN) 8391
650 ## - DESCRIPTORES - TEMAS
Temas - Descriptores TRIAGE E INFORMACIÓN
9 (RLIN) 8392
650 ## - DESCRIPTORES - TEMAS
Temas - Descriptores TRIAGE TELEFONICO
9 (RLIN) 8393
650 ## - DESCRIPTORES - TEMAS
Temas - Descriptores TABLA TEP
9 (RLIN) 8394
653 ## - CATEGORIAS
Categorías Secundarias TECNOLOGÍA Y CIENCIAS MÉDICAS
653 ## - CATEGORIAS
Categorías Secundarias ENFERMEDADES
942 ## - ELEMENTOS DE KOHA
Esquema de Clasificacion Clasificación decimal universal
Tipo de Documento Libros
Catalogador Usuario Catalogador
Existencias
Estatus retirado Estado de pérdida Fuente de Clasificacion Estado de daño No para préstamo Carrera Dependencia Dependencia Estado Fecha de Adquisición Vía de adquisición Inventario Total de préstamos CDU Código de barras Visto por última vez Numero de copia o ejemplar Tipo de Item
    Clasificación decimal universal     Enfermería ISTE BG DRS ISTE BG DRS Disponible 2025-12-01 Donación BLDS03328   614.2:616-053.2 M6999 BG25120011 2025-12-01 Ej. 1 Libros